Statistics for Countries That End in Unique/Uncommon Letters

Click here to take the quiz!

General Stats

  • This quiz has been taken 27 times
  • The average score is 6 of 11

Answer Stats

Ending LetterAnswer% Correct
CDominican Republic
80%
QIraq
80%
KDenmark
64%
MVietnam
60%
HBangladesh
56%
CCentral African Republic
56%
GLuxembourg
56%
TEgypt
48%
MBelgium
44%
TKuwait
44%
MUnited Kingdom
28%

Score Distribution

Percentile by Number Answered

Percent of People with Each Score

Your Score History

You have not taken this quiz